| 000 | 00872cam a22002891 4500 | ||
|---|---|---|---|
| 001 | 29919 | ||
| 003 | BD-RjUL | ||
| 005 | 20211209051500.0 | ||
| 008 | 140408s1959 pau b 001 0 eng | ||
| 035 | _a(BD-RjUL)30004 | ||
| 040 |
_aDLC/ICU _cICU _dDLC _dBD-RjUL _beng |
||
| 041 | _aeng | ||
| 082 | 0 | 0 |
_a575 _bZIE 1959 |
| 100 | 1 |
_aZirkle, Conway, _d1895- _991026 |
|
| 245 | 1 | 0 |
_aEvolution, Marxian biology, and the social scene / _c Conway Zirkle. |
| 260 |
_aPhiladelphia : _bUniversity of Pennsylvania press, _c1959. |
||
| 300 |
_a527 p. ; _c22 cm. |
||
| 504 | _aIncludes bibliography and index. | ||
| 650 | 0 |
_aGenetics _xHistory. _991027 |
|
| 650 | 0 |
_aEvolution (Biology) _991028 |
|
| 650 | 0 |
_aSocialism. _991029 |
|
| 650 | 0 |
_aLiterature and science. _953108 |
|
| 740 | 0 | _aMarxian biology. | |
| 942 |
_2ddc _cBK |
||
| 999 |
_c29919 _d29919 |
||